000 00747nam a2200229 i 4500
001 87104
003 ES-MaACL
005 20240507111648.0
007 t|
008 041220s1969 sp ||||1| spa d
100 1 _aKott, Jan.
_968657
245 1 0 _aApuntes sobre Shakespeare /
_cJan Kott ; [traducción de Jadwija Maurizio].
250 _a[1ª ed.].
260 _aBarcelona :
_bSeix Barral,
_c1969.
300 _a419 p. ;
_c19 cm.
490 1 _aBiblioteca Breve. Ensayo ;
_v270
600 1 4 _aShakespeare, William,
_d1564-1616-
_xCrítica e interpretación
_9105993
700 1 _aMaurizio, Jadwija.
_979265
830 0 _aBiblioteca breve.
_aEnsayo
_v270
_9181348
852 _aES-MaACL
_jC-39933
_bR.70940
999 _c87104
_d87104